| 000 | 00481cam a2200205ua 4500 | ||
|---|---|---|---|
| 020 | _c12.00 | ||
| 041 |
_aeng _h |
||
| 082 |
_a539.7 _bBOR/AT |
||
| 100 | _aBron, Max . | ||
| 245 |
_aAtomic physics / _cMax Bron. _hTextual Documents |
||
| 250 |
_a7 / _b. |
||
| 260 |
_aLondon : _bEnglish Language Book Society , _c1963. |
||
| 300 | _a459 ; . | ||
| 365 | _a12.00 | ||
| 504 | _a | ||
| 942 | _cBK | ||
| 999 |
_c7194 _d7194 |
||